| 000 | 00638nam a2200217 4500 | ||
|---|---|---|---|
| 001 | 126500 | ||
| 003 | ES-MaACL | ||
| 007 | t| | ||
| 008 | 070214s1982 sp r ||||1| spa d | ||
| 020 | _a84-7509-159-8 | ||
| 100 | 1 |
_aReuchlin, Maurice. _996372 |
|
| 245 | 1 | 0 |
_aHistoria de la psicología / _cMaurice Reuchlin ; traducción de Carlos A. Duval. |
| 250 | _a1ª. ed. de la ed. rev. | ||
| 260 |
_aBarcelona : _bPaidos, _c1982. |
||
| 300 |
_a132 p. ; _c19 cm. |
||
| 490 | 1 |
_aStudio ; _v24 |
|
| 700 | 1 |
_aDuval, Carlos A. _946369 |
|
| 830 | 0 |
_aStudio ; _v24 _9183890 |
|
| 852 |
_aES-MaACL _jL-9725 _bR.111800 |
||
| 999 |
_c126500 _d126500 |
||